NFL 2025 Week 1 Quarterbacks - Statistics

General Stats
  • This quiz has been taken 32 times
  • The average score is 30 of 32
Answer Stats
Hint Answer % Correct
CIN Joe Burrow
100%
PIT Aaron Rodgers
96%
HOU CJ Stroud
96%
DAL Dak Prescott
96%
IND Daniel Jones
96%
NE Drake Maye
96%
LV Geno Smith
96%
GB Jordan Love
96%
BUF Josh Allen
96%
LAC Justin Herbert
96%
BAL Lamar Jackson
96%
KC Patrick Mahomes
96%
JAX Trevor Lawrence
96%
MIA Tua Tagovailoa
96%
DEN Bo Nix
93%
CHI Caleb Williams
93%
TEN Cam Ward
93%
PHI Jalen Hurts
93%
DET Jared Goff
93%
CLE Joe Flacco
93%
NYJ Justin Fields
93%
LAR Matthew Stafford
93%
NYG Russell Wilson
93%
TB Baker Mayfield
89%
WSH Jayden Daniels
89%
MIN JJ McCarthy
89%
CAR Bryce Young
86%
ARI Kyler Murray
86%
SEA Sam Darnold
86%
SF Brock Purdy
82%
ATL Michael Penix Jr
82%
NO Spencer Rattler
79%
No matching quizzes found
Score Distribution
Percent of People with Each Score
Percentile by Number Answered
Your Score History
You have not taken this quiz